Superlativen Österreichs - Statistiken

Allgemein
  • Dieses Quiz wurde 551 mal gespielt
  • Das Durchschnittsergebnis liegt bei 11 aus 13
Antwortstatistiken
Frage Daten Antwort % Korrekt
Längster Fluss 2 857 km Donau
99%
Grösstes Nachbarland 357 375.62 km² Deutschland
97%
Höchster Berg 3 798 m Grossglockner
97%
Kleinstes Nachbarland 160.477 km² Liechtenstein
97%
Kleinstes Bundesland 414.87 km² Wien
97%
Grösstes Bundesland 19 186.27 km² Niederösterreich
94%
Bevölkerungsärmstes Bundesland 293 433 Einwohner Burgenland
93%
Kleinstes Bundesland, das nicht zu den Stadtstaaten gehört 2 601.12 km² Vorarlberg
92%
Grösster See 536 km² Bodensee
90%
(Europaweiter Rekord) Höchster Fallschirmsprung 38 969.4 m Red Bull Stratos
77%
Grösster See, der sich vollständig in Österreich befindet 45.9 km² Attersee
64%
Höchstes Gebäude 252 m Donauturm
51%
Erster (und einziger) Österreicher im All ("Der Austronaut") 1991 Franz Viehböck
14%
Keine übereinstimmenden Quizze gefunden
Verteilung der Resultate
Anzahl Personen mit jedem Resultat
Perzentil nach korrekt beantworteten Fragen
Ihre Resultats-Entwicklung
Sie haben dieses Quiz noch nicht gespielt